[Event "24th ch-EUR Indiv 2024"]
[Site "Petrovac MNE"]
[Date "2024.11.12"]
[Round "5.102"]
[White "Peyrer, Konstantin"]
[Black "Pegno, Mattia"]
[Result "1-0"]
[WhiteTitle "IM"]
[BlackTitle "FM"]
[WhiteElo "2437"]
[BlackElo "2245"]
[WhiteFideId "1640879"]
[BlackFideId "2859870"]
[EventDate "2024.11.08"]

1. d4 d5 2. Nf3 Nf6 3. c4 dxc4 4. e3 a6 5. Bxc4 e6 6. Nc3 b5 7. Be2 Bb7 8. O-O
c5 9. dxc5 Bxc5 10. Qxd8+ Kxd8 11. Nd2 Ra7 12. Nb3 Bd6 13. f3 Nbd7 14. e4 Ba8
15. Rd1 Ke7 16. Bxb5 axb5 17. Rxd6 Rb8 18. Be3 Rc7 19. Rd2 h6 20. Rad1 g5 21. h4
gxh4 22. Bxh6 b4 23. Ne2 Rg8 24. Bf4 e5 25. Bh2 Nh5 26. Ned4 Ng7 27. Nb5 Rb7 28.
Na5 Rxb5 29. Rxd7+ Kf6 30. Nc4 Ne6 31. Nd6 Ra5 32. Rxf7+ Kg6 33. Rf5 Ng5 34. Nc4
Rxa2 35. Nxe5+ Kh5 36. Rd7 1-0

[Event "24th ch-EUR Indiv 2024"]
[Site "Petrovac MNE"]
[Date "2024.11.12"]
[Round "5.103"]
[White "Mizzi, Jack"]
[Black "Bryakin, Mikhail"]
[Result "0-1"]
[WhiteTitle "CM"]
[BlackTitle "GM"]
[WhiteElo "2214"]
[BlackElo "2435"]
[WhiteFideId "5602521"]
[BlackFideId "4165314"]
[EventDate "2024.11.08"]

1. Nf3 Nf6 2. e3 d5 3. c4 e6 4. Nc3 Be7 5. b3 O-O 6. Bb2 dxc4 7. Bxc4 a6 8. a4
b6 9. O-O Bb7 10. d4 c5 11. Qe2 cxd4 12. Nxd4 Bc5 13. Rfd1 Qe7 14. Rac1 Nbd7 15.
Nf3 Ng4 16. h3 Nge5 17. Nxe5 Nxe5 18. Ne4 Bxe4 19. Bxe5 Qg5 20. Bg3 a5 21. Qg4
Qg6 22. Qxg6 hxg6 23. Bd6 Rfc8 24. Bxc5 Rxc5 25. f3 Bc6 26. e4 Kf8 27. Be2 Ke7
28. Rxc5 bxc5 29. Kf2 f5 30. exf5 gxf5 31. Bc4 Bd5 32. Bxd5 Rd8 33. Re1 Rxd5 34.
Rc1 Kd6 35. Ke3 e5 36. g4 f4+ 37. Ke2 g5 38. h4 gxh4 39. Rh1 Rd4 40. Rxh4 Rb4
41. g5 Rxb3 42. g6 Rb2+ 43. Kd3 Rg2 44. Ke4 Rxg6 45. Rh8 c4 46. Rc8 Rg1 47. Rxc4
Rb1 48. Kf5 Rb4 49. Rc8 Rxa4 50. Ra8 Ra3 51. Ra6+ Kc5 52. Kxe5 Kb5 53. Ra8 Rxf3
54. Ke4 Rf2 55. Kd3 a4 56. Rb8+ Kc5 57. Rc8+ Kd5 58. Ra8 Rf3+ 59. Ke2 Re3+ 60.
Kf2 a3 61. Rf8 Ke5 62. Ra8 Rb3 63. Rd8 Ke4 64. Rd1 Rb2+ 0-1

[Event "24th ch-EUR Indiv 2024"]
[Site "Petrovac MNE"]
[Date "2024.11.12"]
[Round "5.104"]
[White "Druska, Juraj"]
[Black "Durucay, Uygar"]
[Result "1/2-1/2"]
[WhiteTitle "IM"]
[BlackTitle "FM"]
[WhiteElo "2433"]
[BlackElo "2226"]
[WhiteFideId "14915650"]
[BlackFideId "44591560"]
[EventDate "2024.11.08"]

1. e4 c6 2. d4 d5 3. f3 e5 4. dxe5 Qb6 5. Nc3 Bc5 6. Na4 Qa5+ 7. c3 Bxg1 8. Rxg1
dxe4 9. f4 Ne7 10. Qd4 O-O 11. Qxe4 Na6 12. Bxa6 Qxa6 13. Nc5 Qb6 14. Qb4 Qc7
15. Ne4 f6 16. Bd2 fxe5 17. fxe5 Qxe5 18. O-O-O Nd5 19. Qc4 Bf5 20. Rde1 b5 21.
Qd4 Qxd4 22. cxd4 Rae8 23. Ng5 Bg4 24. Rxe8 Rxe8 25. h3 Be2 26. Re1 Re7 27. h4
h6 28. Nh3 Bc4 29. Re5 Rxe5 30. dxe5 Bxa2 31. Nf4 Nxf4 32. Bxf4 Kf7 33. Kc2 Bd5
34. g4 Ke6 35. Kc3 Bf3 36. g5 hxg5 37. Bxg5 Kxe5 38. Be3 a6 39. Bd4+ Kd5 40.
Bxg7 c5 41. b4 cxb4+ 42. Kxb4 1/2-1/2

[Event "24th ch-EUR Indiv 2024"]
[Site "Petrovac MNE"]
[Date "2024.11.12"]
[Round "5.105"]
[White "Shvedova, Alexandra"]
[Black "Petrovskyi, Vadym"]
[Result "0-1"]
[WhiteTitle "WFM"]
[BlackTitle "IM"]
[WhiteElo "2206"]
[BlackElo "2433"]
[WhiteFideId "54154782"]
[BlackFideId "14165210"]
[EventDate "2024.11.08"]

1. d4 Nf6 2. c4 e6 3. Nf3 d5 4. Nc3 Nbd7 5. cxd5 Nxd5 6. e4 Nxc3 7. bxc3 c5 8.
Bd3 cxd4 9. cxd4 Bb4+ 10. Bd2 Bxd2+ 11. Qxd2 O-O 12. O-O b6 13. e5 Bb7 14. Qe3
Re8 15. Ng5 Nf8 16. Ne4 Bxe4 17. Bxe4 Rc8 18. Rad1 Qe7 19. f4 g6 20. Kh1 Red8
21. d5 exd5 22. Bxd5 Ne6 23. f5 gxf5 24. Rxf5 Qc5 25. Qg3+ Kh8 26. Bb3 Rxd1+ 27.
Bxd1 Qd5 28. Rf1 Rc1 29. Qg4 Qxe5 30. Qa4 Nc5 31. Qxa7 Qf4 32. Qa8+ Kg7 33. Qf3
Qxf3 34. gxf3 Ra1 35. a4 Ra2 36. Kg1 Rd2 37. f4 Kf6 38. Re1 h6 39. Bf3 Nxa4 40.
Re5 Nc5 41. Rh5 Kg7 42. f5 Nd7 43. Kf1 Rb2 44. Be2 Nf6 45. Rh3 b5 46. Rg3+ Kf8
47. Rh3 Kg7 48. Rg3+ Kh7 49. Re3 Rb4 50. Kg1 Kg7 51. Re7 Ne4 52. Bh5 Ng5 53. Kg2
Rd4 54. Rb7 b4 55. Kg3 Kf6 56. Rb6+ Kxf5 57. Rxh6 Rd3+ 58. Kg2 Rh3 0-1

[Event "24th ch-EUR Indiv 2024"]
[Site "Petrovac MNE"]
[Date "2024.11.12"]
[Round "5.106"]
[White "Juhasz, Agoston"]
[Black "Lauda, Alexandr"]
[Result "0-1"]
[WhiteTitle "IM"]
[BlackTitle "CM"]
[WhiteElo "2432"]
[BlackElo "2222"]
[WhiteFideId "778346"]
[BlackFideId "13903179"]
[EventDate "2024.11.08"]

1. e4 g6 2. d4 Bg7 3. Nf3 d6 4. Be2 Nf6 5. Nc3 O-O 6. O-O c6 7. Re1 Nbd7 8. e5
dxe5 9. dxe5 Ne8 10. Bf4 Nc7 11. Qd2 Ne6 12. Rad1 Nxf4 13. Qxf4 Qc7 14. Bf1 Nc5
15. h4 h5 16. Ng5 Ne6 17. Qe3 Nxg5 18. hxg5 Be6 19. f4 Rfd8 20. Rxd8+ Qxd8 21.
Rd1 Qb6 22. Kf2 Qxb2 23. Ne4 Qxc2+ 24. Rd2 Qb1 25. Nc5 Bf5 26. Bd3 Bxd3 27. Qxd3
Qxd3 28. Rxd3 b6 29. Na6 e6 30. Rd7 Bf8 31. Ke2 Ba3 32. g3 b5 33. Rb7 Bc1 34.
Nb8 h4 35. gxh4 Bxf4 36. Nxc6 a6 37. Kf3 Bd2 38. Rd7 Bc3 39. Nd8 Ba5 40. Nc6 Bb6
41. Rb7 Bc5 42. Kg4 Kg7 43. Rd7 Kf8 44. Rc7 a5 45. Rb7 b4 46. Nb8 Kg7 47. Nd7
Bd4 48. Rb5 Bc3 49. Nf6 a4 50. Ne4 Be1 51. Nf6 b3 52. a3 Bc3 53. Ne4 Bb2 54. Nf6
Bxa3 55. h5 gxh5+ 56. Nxh5+ Kf8 57. Nf6 Be7 0-1

[Event "24th ch-EUR Indiv 2024"]
[Site "Petrovac MNE"]
[Date "2024.11.12"]
[Round "5.107"]
[White "Kalogeris, Ioannis"]
[Black "Rychagov, Nikita"]
[Result "1-0"]
[WhiteTitle "IM"]
[BlackTitle "CM"]
[WhiteElo "2431"]
[BlackElo "2217"]
[WhiteFideId "4239563"]
[BlackFideId "4508394"]
[EventDate "2024.11.08"]

1. e4 e5 2. Nf3 Nf6 3. Nxe5 d6 4. Nf3 Nxe4 5. d4 d5 6. Bd3 Bd6 7. O-O O-O 8. Re1
Bf5 9. c4 c6 10. Qb3 Qd7 11. c5 Bc7 12. g3 b6 13. Qc2 Re8 14. Nbd2 Bg4 15. b4
Nxd2 16. Rxe8+ Qxe8 17. Nxd2 h6 18. Nf1 bxc5 19. bxc5 Nd7 20. Ne3 Be6 21. Bd2
Nf8 22. Re1 Qd7 23. Qa4 Bd8 24. Rb1 Qc7 25. Nf5 a5 26. Nd6 Ra7 27. Rb6 Bd7 28.
Ba6 Bh3 29. Rxc6 Qe7 30. Bd3 Qf6 31. Nf5 Ne6 32. Qc2 g6 33. Ne3 Qf3 34. Bc3 Rb7
35. Be2 Qf6 36. Nxd5 Qg5 37. Ne3 Bf6 38. Rxe6 fxe6 39. f4 Bxd4 40. fxg5 Bxe3+
41. Kh1 Bf5 42. Bd3 Bg4 43. h3 Bf3+ 44. Kh2 hxg5 45. Be4 1-0

[Event "24th ch-EUR Indiv 2024"]
[Site "Petrovac MNE"]
[Date "2024.11.12"]
[Round "5.108"]
[White "Srdanovic, Jovana"]
[Black "Manafov, Vugar"]
[Result "1-0"]
[WhiteTitle "WIM"]
[BlackTitle "IM"]
[WhiteElo "2200"]
[BlackElo "2430"]
[WhiteFideId "954810"]
[BlackFideId "13410814"]
[EventDate "2024.11.08"]

1. d4 Nf6 2. c4 e6 3. Nc3 Bb4 4. Qc2 c5 5. dxc5 Bxc5 6. Nf3 Qc7 7. a3 a6 8. Bg5
Be7 9. e3 b6 10. Be2 Bb7 11. Rc1 d6 12. O-O Nbd7 13. Rfd1 O-O 14. b4 Rac8 15.
Qb1 Qb8 16. Nd2 Rfe8 17. Bf4 Qa8 18. Nf3 e5 19. Bg3 Rc7 20. Bh4 Bf8 21. Ne1 Rec8
22. Qb2 Bc6 23. f3 e4 24. f4 d5 25. cxd5 Bxd5 26. g4 Be6 27. g5 Ne8 28. Bg3 Rc6
29. Nb1 Rxc1 30. Rxc1 Rxc1 31. Qxc1 a5 32. Nc2 axb4 33. axb4 Nd6 34. Nd4 Bh3 35.
Be1 Qe8 36. Qc6 Nf5 37. Nxf5 Bxf5 38. Bc3 Qb8 39. Qd5 Be6 40. Qxe4 Ba2 41. Bd3
f5 42. gxf6 g6 43. Bc4+ Bxc4 44. Qxc4+ Kh8 45. Qe6 1-0

[Event "24th ch-EUR Indiv 2024"]
[Site "Petrovac MNE"]
[Date "2024.11.12"]
[Round "5.109"]
[White "Gov, Guy"]
[Black "Injac, Teodora"]
[Result "1/2-1/2"]
[BlackTitle "IM"]
[WhiteElo "2200"]
[BlackElo "2429"]
[WhiteFideId "2820200"]
[BlackFideId "932400"]
[EventDate "2024.11.08"]

1. e4 c5 2. Nf3 Nc6 3. Bb5 e6 4. O-O Nge7 5. d4 cxd4 6. Nxd4 Ng6 7. Be3 Be7 8.
f4 O-O 9. Nc3 a6 10. Bxc6 dxc6 11. f5 Ne5 12. Qe2 f6 13. Rad1 Qe8 14. Nb3 b5 15.
Nc5 Qf7 16. b3 Re8 17. fxe6 Bxe6 18. h3 Bf8 19. Qf2 Bc8 20. Ne2 a5 21. Nf4 a4
22. Rd2 Bxc5 23. Bxc5 Ng6 24. Nh5 Ne5 25. Ng3 Be6 26. Rfd1 h6 27. Nf5 Bxf5 28.
exf5 Kh7 29. Qf4 Qc7 30. Qg3 Rad8 31. Qc3 Rxd2 32. Qxd2 Qc8 33. Qf4 Rd8 34. Rd6
axb3 35. axb3 Rxd6 36. Bxd6 Nf7 37. c4 bxc4 38. bxc4 Qe8 39. c5 Qe1+ 40. Kh2 Qd1
41. Qg3 Kg8 42. Qe3 Nxd6 43. Qe6+ Nf7 44. Qe8+ Kh7 45. Qxf7 Qe2 46. Qc7 Qe4 47.
Qd6 h5 48. Kg1 h4 49. Kh1 Kh6 50. Qd2+ Kh5 51. Qd7 Kg5 52. Qxg7+ Kxf5 53. Qh7+
Ke5 54. Qe7+ Kd5 55. Qd6+ Kc4 56. Qxf6 Kxc5 57. Kh2 Kd5 58. Qf7+ Kd4 59. Qd7+
Kc3 60. Qa7 Qd4 61. Qa1+ Kc4 62. Qa4+ Kd5 63. Qa2+ Ke5 64. Qe2+ Qe4 65. Qb2+ Kd5
66. Qa2+ Kc5 67. Qa5+ Kc4 68. Qa4+ Kd5 69. Qa2+ Ke5 70. Qb2+ Qd4 71. Qe2+ Kd6
72. Qa6 Qf4+ 73. Kh1 Qe4 74. Kh2 Kd5 1/2-1/2

[Event "24th ch-EUR Indiv 2024"]
[Site "Petrovac MNE"]
[Date "2024.11.12"]
[Round "5.110"]
[White "Aizenberg, Benny"]
[Black "Deveci, Huseyin Said"]
[Result "1-0"]
[WhiteTitle "IM"]
[BlackTitle "CM"]
[WhiteElo "2427"]
[BlackElo "2211"]
[WhiteFideId "2821125"]
[BlackFideId "26322455"]
[EventDate "2024.11.08"]

1. e4 e5 2. Nf3 Nc6 3. d4 exd4 4. Nxd4 Nf6 5. Nxc6 bxc6 6. e5 Qe7 7. Qe2 Nd5 8.
h4 Qe6 9. g3 d6 10. c4 Nb6 11. Bf4 dxe5 12. Qxe5 Bb4+ 13. Nd2 O-O 14. Qxe6 Bxe6
15. O-O-O Bxd2+ 16. Rxd2 Nxc4 17. Rc2 Bd5 18. Rg1 Nd6 19. Bg2 Rfe8 20. Bxd5 cxd5
21. Rd1 Ne4 22. Rxd5 Re7 23. Ra5 f6 24. b3 Kf7 25. Kb2 a6 26. a4 Ra7 27. Ka3 g6
28. b4 Rb7 29. Rxa6 g5 30. hxg5 fxg5 31. Bc1 Rd7 32. b5 Rd3+ 33. Kb2 Rd4 34. Be3
Rb4+ 35. Ka3 Rb1 36. Rac6 Ra1+ 37. Kb3 Rb1+ 38. Ka2 Rb4 39. Ka3 1-0

[Event "24th ch-EUR Indiv 2024"]
[Site "Petrovac MNE"]
[Date "2024.11.12"]
[Round "5.111"]
[White "Sieciechowicz, Marcin"]
[Black "Tamas, Christian-Arrydan"]
[Result "1-0"]
[WhiteTitle "IM"]
[WhiteElo "2416"]
[BlackElo "2166"]
[WhiteFideId "1130170"]
[BlackFideId "1283740"]
[EventDate "2024.11.08"]

1. d4 Nf6 2. c4 e6 3. Nc3 Bb4 4. e3 O-O 5. Bd2 d5 6. Nf3 b6 7. cxd5 exd5 8. Rc1
Bb7 9. Bd3 a6 10. O-O Bd6 11. Ne2 Nbd7 12. Ng3 g6 13. a3 Ne4 14. Bb4 c5 15. dxc5
bxc5 16. Bxe4 cxb4 17. Bxd5 Bxd5 18. Qxd5 Nf6 19. Qc6 Bxg3 20. hxg3 bxa3 21.
bxa3 Rc8 22. Qa4 Rxc1 23. Rxc1 Qb6 24. Qc4 h5 25. a4 Ng4 26. Nh2 Nxh2 27. Kxh2
Rd8 28. Qf4 Qe6 29. Rc5 Rd5 30. Qb8+ Kh7 31. Rc2 Qf6 32. Qb3 Rd7 33. Qc4 Rd1 34.
Qf4 Qxf4 35. gxf4 Ra1 36. Rc4 Kg7 37. e4 Ra3 38. e5 a5 39. f3 Ra2 40. Kh3 Ra1
41. Kh4 Ra2 42. g4 hxg4 43. fxg4 Kh6 44. f5 Re2 45. g5+ Kh7 46. e6 fxe6 47. f6
Kg8 48. Rc7 Re4+ 49. Kg3 Rxa4 50. Rg7+ Kf8 51. Rxg6 Ra1 52. Rh6 Rg1+ 53. Kf4
Rf1+ 54. Ke5 Kg8 55. g6 a4 56. g7 Kf7 57. Rh8 Re1+ 1-0

[Event "24th ch-EUR Indiv 2024"]
[Site "Petrovac MNE"]
[Date "2024.11.12"]
[Round "5.112"]
[White "Vanczak, Tamas"]
[Black "Goroshchenko, Dmitry"]
[Result "0-1"]
[WhiteTitle "IM"]
[WhiteElo "2413"]
[BlackElo "2141"]
[WhiteFideId "759929"]
[BlackFideId "14115336"]
[EventDate "2024.11.08"]

1. d4 Nf6 2. Bg5 d5 3. Bxf6 exf6 4. e3 Bd6 5. Bd3 c6 6. Nd2 Qc7 7. Ngf3 O-O 8.
O-O Bg4 9. h3 Bh5 10. c4 dxc4 11. Nxc4 Nd7 12. Rc1 Nb6 13. Nxd6 Qxd6 14. Be2
Rfe8 15. Qb3 Re7 16. a4 Nd5 17. a5 a6 18. Rfe1 Rae8 19. Bd1 Qd8 20. Rc5 Qb8 21.
Nd2 Bxd1 22. Qxd1 f5 23. Qf3 g6 24. Nc4 f6 25. Nd2 Kg7 26. Qd1 Nf4 27. Nf3 Ne6
28. Rc1 Qd8 29. Qa4 Nc7 30. Qa3 Qd7 31. Qb3 Nd5 32. Nd2 Qd8 33. Nc4 Qc7 34. Qd3
Re6 35. g3 f4 36. e4 fxg3 37. fxg3 Nb4 38. Qf3 Qd8 39. Rcd1 Nc2 40. Rf1 Nxd4 41.
Qf2 Rxe4 42. b4 R8e6 43. Rd3 Qd5 44. Nb6 Qf5 45. Qd2 Qxh3 46. Rxd4 Qxg3+ 47. Kh1
Qh4+ 0-1

[Event "24th ch-EUR Indiv 2024"]
[Site "Petrovac MNE"]
[Date "2024.11.12"]
[Round "5.113"]
[White "Hryzlova, Sofiia"]
[Black "Shohat, Yotam"]
[Result "1/2-1/2"]
[WhiteTitle "WIM"]
[BlackTitle "IM"]
[WhiteElo "2177"]
[BlackElo "2412"]
[WhiteFideId "14174669"]
[BlackFideId "2813955"]
[EventDate "2024.11.08"]

1. d4 Nf6 2. Nf3 g6 3. Bf4 Bg7 4. e3 O-O 5. Be2 c5 6. O-O cxd4 7. exd4 Qb6 8.
Nbd2 d5 9. Nb3 a5 10. a4 Bf5 11. Ne5 Ne4 12. Ng4 Bxg4 13. Bxg4 Nc6 14. c3 Rad8
15. Qc2 e5 16. dxe5 Bxe5 17. Bxe5 Nxe5 18. Be2 Nd6 19. Rad1 Ndc4 20. Rd4 Nc6 21.
Rh4 Nd6 22. Bd3 Ne5 23. Rd1 Nxd3 24. Rxd3 Nf5 25. Rf4 Rfe8 26. Rd1 Re5 27. g3
Rde8 28. Nd4 Nxd4 29. Rfxd4 Qe6 30. Kg2 Rf5 31. R1d2 Qe1 32. Qd3 Re4 33. Rxd5
Rxd5 34. Qxd5 Rxa4 35. Rd1 Qe4+ 36. Qxe4 Rxe4 37. Rd5 b6 38. Rb5 Re6 39. c4 Kf8
40. c5 1/2-1/2

[Event "24th ch-EUR Indiv 2024"]
[Site "Petrovac MNE"]
[Date "2024.11.12"]
[Round "5.114"]
[White "Agasarov, Benik"]
[Black "Odabasi, Ruzgar"]
[Result "0-1"]
[WhiteTitle "FM"]
[WhiteElo "2410"]
[BlackElo "2114"]
[WhiteFideId "13314823"]
[BlackFideId "51604787"]
[EventDate "2024.11.08"]

1. d4 Nf6 2. c4 g6 3. Nc3 Bg7 4. e4 d6 5. Be2 O-O 6. Be3 c5 7. d5 e6 8. Nf3 exd5
9. cxd5 b5 10. e5 dxe5 11. Bxc5 Re8 12. Bxb5 Nbd7 13. Ba3 e4 14. Nd4 a6 15. Be2
Ne5 16. O-O Nxd5 17. Nxd5 Qxd5 18. Nb3 Qxd1 19. Rfxd1 Bg4 20. Bxg4 Nxg4 21. Rac1
Bh6 22. Rc4 Rad8 23. Rxd8 Rxd8 24. Kf1 f5 25. Ke2 Ne5 26. Rc7 a5 27. Be7 Rd3 28.
Bf6 Ng4 29. Bc3 Nxh2 30. Nc5 Rd5 31. f3 exf3+ 32. gxf3 Rd8 33. Kf2 a4 34. Kg2
Re8 35. Nd7 Re2+ 36. Kh3 Bg7 37. Bxg7 Kxg7 38. Kg3 g5 39. f4 g4 40. Ne5+ Kf6 41.
Rc6+ Ke7 42. Kh4 Rxb2 43. Rc7+ Ke6 44. Rxh7 Nf3+ 45. Nxf3 gxf3 46. Kg3 f2 47.
Kg2 Rxa2 48. Ra7 a3 49. Ra5 Kd6 50. Kf1 Kc6 51. Ra8 Kd5 52. Ra4 Kc5 53. Kg2 Kb5
54. Ra8 Kc4 55. Kf1 Kd3 56. Ra5 Ke3 57. Kg2 Ke2 58. Re5+ Kd1 59. Kf1 Rc2 60.
Rxf5 a2 61. Ra5 Kc1 62. f5 Kb1 63. f6 a1=Q 64. f7 Qxa5 0-1

[Event "24th ch-EUR Indiv 2024"]
[Site "Petrovac MNE"]
[Date "2024.11.12"]
[Round "5.115"]
[White "Socko, Monika"]
[Black "Blanquet, Camille"]
[Result "1-0"]
[WhiteTitle "GM"]
[BlackTitle "WFM"]
[WhiteElo "2403"]
[BlackElo "2079"]
[WhiteFideId "1106619"]
[BlackFideId "36037354"]
[EventDate "2024.11.08"]

1. e4 c6 2. d4 d5 3. exd5 cxd5 4. Bd3 Nc6 5. c3 Nf6 6. Bf4 Bg4 7. Qb3 Qd7 8. Nd2
e6 9. Ngf3 Bd6 10. Bxd6 Qxd6 11. O-O O-O 12. Rfe1 Bh5 13. Ne5 Nd7 14. f4 Rab8
15. Re3 Bg6 16. Bxg6 hxg6 17. Nxd7 Qxd7 18. Qd1 Qe7 19. Qg4 Qf6 20. Rae1 b5 21.
Nf3 Qf5 22. Qh4 Qh5 23. Qf2 b4 24. Ng5 Rfc8 25. Rh3 Qg4 26. Rh4 Qf5 27. g4 Qd3
28. Rh3 Qa6 29. Qh4 Kf8 30. Qh8+ Ke7 31. Qxg7 Nd8 32. Rh7 bxc3 33. Nxf7 1-0

[Event "24th ch-EUR Indiv 2024"]
[Site "Petrovac MNE"]
[Date "2024.11.12"]
[Round "5.116"]
[White "Defromont, Benjamin"]
[Black "Pousada Garcia, Victor Daniel"]
[Result "1-0"]
[WhiteTitle "IM"]
[WhiteElo "2399"]
[BlackElo "2053"]
[WhiteFideId "36068829"]
[BlackFideId "2278642"]
[EventDate "2024.11.08"]

1. e4 c5 2. Nf3 a6 3. g3 Nc6 4. Bg2 g6 5. c3 Bg7 6. d4 cxd4 7. cxd4 d5 8. exd5
Qxd5 9. Be3 Nf6 10. O-O Qh5 11. Qb3 O-O 12. Nc3 Ng4 13. Rad1 Rd8 14. Ne2 Be6 15.
Qxb7 Nxd4 16. Rxd4 Bxd4 17. Nexd4 Bd5 18. Qxe7 Bxf3 19. Nxf3 Re8 20. Qg5 Re5 21.
Qxg4 Qxg4 22. Nxe5 Qc8 23. Rc1 Qd8 24. Nc6 Qe8 25. Bh6 Kh8 26. Bd2 h5 27. Bc3+
Kh7 28. Re1 Qf8 29. Re7 Rd8 30. Bf3 h4 31. gxh4 Rd3 32. Kg2 Rd6 33. Rc7 Qe8 34.
Ne5 Rf6 35. Bd5 Qd8 36. Rd7 Qb6 37. Rxf7+ Rxf7 38. Bxf7 a5 39. Bxg6+ Kh6 40. h5
Qb7+ 41. f3 Kg7 42. Nf7+ 1-0

[Event "24th ch-EUR Indiv 2024"]
[Site "Petrovac MNE"]
[Date "2024.11.12"]
[Round "5.117"]
[White "Kalezic, Blazo"]
[Black "Karaca, Yigit"]
[Result "1-0"]
[WhiteTitle "IM"]
[WhiteElo "2394"]
[BlackElo "2006"]
[WhiteFideId "921815"]
[BlackFideId "26314118"]
[EventDate "2024.11.08"]

1. e4 e6 2. d4 d5 3. Nc3 dxe4 4. Nxe4 Nf6 5. Bg5 Be7 6. Bxf6 gxf6 7. g3 b6 8.
Bg2 c6 9. Nf3 Bb7 10. Qe2 Nd7 11. O-O Qc7 12. c4 h5 13. Rfd1 O-O-O 14. a4 a5 15.
Rac1 c5 16. Nc3 cxd4 17. Nb5 Qc5 18. Nfxd4 Bxg2 19. Kxg2 Nb8 20. Na7+ Kc7 21.
Qe4 Rxd4 22. Rxd4 h4 23. Rcd1 hxg3 24. hxg3 f5 25. Qa8 Rd8 26. Nb5+ Kc8 27.
Rxd8+ Bxd8 28. Nd6+ Qxd6 29. Rxd6 Bc7 30. Rd1 f6 31. Rh1 1-0

[Event "24th ch-EUR Indiv 2024"]
[Site "Petrovac MNE"]
[Date "2024.11.12"]
[Round "5.118"]
[White "Allahverdiyeva, Ayan"]
[Black "Baltag, Iulian"]
[Result "1-0"]
[WhiteTitle "WIM"]
[BlackTitle "IM"]
[WhiteElo "2174"]
[BlackElo "2383"]
[WhiteFideId "13412590"]
[BlackFideId "13901419"]
[EventDate "2024.11.08"]

1. e4 e5 2. Nf3 Nc6 3. Bb5 a6 4. Ba4 Nf6 5. O-O b5 6. Bb3 Bc5 7. a4 Rb8 8. c3 d6
9. d4 Bb6 10. a5 Ba7 11. h3 O-O 12. Be3 Ra8 13. Re1 h6 14. Nbd2 Re8 15. g4 exd4
16. cxd4 Nb4 17. g5 hxg5 18. Nxg5 Re7 19. Qf3 Bb7 20. Qg3 d5 21. e5 Nd7 22. Qh4
Nf8 23. Kh1 c5 24. Rg1 cxd4 25. Nde4 Rxe5 26. Qf4 Qe7 27. Nxf7 Rh5 28. Rxg7+
Kxg7 29. Rg1+ Ng6 30. Rxg6+ Kxg6 31. Qg4+ Rg5 32. Nfxg5 dxe3 33. Ne6+ Kf7 34.
Qf5+ Ke8 35. Nf6+ Kf7 36. Ng5+ Kg7 37. Ne6+ Kf7 38. Ng5+ Kg7 39. Nh5+ Kh6 40.
Nf7+ Qxf7 41. Qxf7 e2 42. Qe6+ Kxh5 1-0

[Event "24th ch-EUR Indiv 2024"]
[Site "Petrovac MNE"]
[Date "2024.11.12"]
[Round "5.119"]
[White "Sliwicka, Alicja"]
[Black "Metin, Enis"]
[Result "1-0"]
[WhiteTitle "WGM"]
[WhiteElo "2380"]
[BlackElo "2005"]
[WhiteFideId "1150677"]
[BlackFideId "26306948"]
[EventDate "2024.11.08"]

1. e4 c5 2. Nf3 d6 3. d4 cxd4 4. Nxd4 Nf6 5. Nc3 g6 6. Be3 Nc6 7. f3 h5 8. Bc4
Bd7 9. Qd2 Bg7 10. O-O-O Na5 11. Be2 Rc8 12. Kb1 a6 13. Nb3 Be6 14. Bd4 Nc6 15.
Be3 Na5 16. Rhe1 b5 17. Bf1 Nc4 18. Bxc4 bxc4 19. Nd4 Bd7 20. h3 h4 21. f4 Rh5
22. Bg1 Qa5 23. Ka1 Kf8 24. Nf3 Rb8 25. e5 Ne8 26. Bd4 d5 27. Bf2 e6 28. Nxh4
Nc7 29. Nf3 Kg8 30. Nd4 Bf8 31. Ne4 Bb4 32. Nf6+ Kh8 33. c3 Be7 34. Nxd7 Rb7 35.
Nf6 Nb5 36. Nc6 Qa4 37. Nxe7 1-0

[Event "24th ch-EUR Indiv 2024"]
[Site "Petrovac MNE"]
[Date "2024.11.12"]
[Round "5.120"]
[White "Yalcinkaya, Efe"]
[Black "Golubka, Petro"]
[Result "1/2-1/2"]
[BlackTitle "GM"]
[WhiteElo "2117"]
[BlackElo "2365"]
[WhiteFideId "44506619"]
[BlackFideId "14114224"]
[EventDate "2024.11.08"]

1. e4 e5 2. Nf3 Nc6 3. Bb5 a6 4. Ba4 Nf6 5. O-O b5 6. Bb3 Bc5 7. c3 d6 8. d4 Bb6
9. a4 Rb8 10. a5 Ba7 11. h3 O-O 12. Be3 exd4 13. cxd4 Nb4 14. Nc3 Bb7 15. Re1
Rc8 16. Bg5 h6 17. Bh4 c5 18. e5 dxe5 19. dxe5 Qxd1 20. Raxd1 Bxf3 21. gxf3 c4
22. exf6 g5 23. Bg3 cxb3 24. Rd7 Nc6 25. Nd5 Bc5 26. Bc7 Kh7 27. Rc1 Nb8 28.
Bxb8 Bxf2+ 29. Kxf2 Rxc1 30. Be5 Kg6 31. Ne7+ Kh5 32. Rd3 Rc5 33. Bd4 Rd8 34.
Ke3 Rc4 35. Nf5 Re8+ 36. Ne7 Rd8 37. Be5 Rxd3+ 38. Kxd3 1/2-1/2

[Event "24th ch-EUR Indiv 2024"]
[Site "Petrovac MNE"]
[Date "2024.11.12"]
[Round "5.121"]
[White "Khachatryan, Gagik B."]
[Black "Predke, Alexandr"]
[Result "0-1"]
[BlackTitle "GM"]
[WhiteElo "1858"]
[BlackElo "2652"]
[WhiteFideId "13321781"]
[BlackFideId "24107581"]
[EventDate "2024.11.08"]

1. e4 c6 2. d4 d5 3. exd5 cxd5 4. Bd3 Nc6 5. c3 Qc7 6. h3 Nf6 7. Nf3 g6 8. O-O
Bf5 9. Re1 Bxd3 10. Qxd3 e6 11. Nbd2 Bg7 12. Qe2 Nd7 13. Nf1 O-O 14. g3 Rfe8 15.
Bf4 Qc8 16. Qd2 Nf6 17. Bh6 Ne4 18. Qe3 Bh8 19. Kg2 Ne7 20. Qd3 e5 21. Be3 f6
22. dxe5 fxe5 23. N3d2 Nd6 24. Bg5 Qc6 25. Kg1 e4 26. Qe2 Nef5 27. Nb3 Nf7 28.
Bf4 Be5 29. Bxe5 Nxe5 30. Red1 Rf8 31. Ne3 Nxe3 32. Qxe3 Qd7 33. Kg2 Rf3 34. Nc5
Qf7 35. Qd4 Nc6 36. Qd2 Rf8 37. Rf1 e3 38. Qe2 Rxf2+ 39. Rxf2 Qxf2+ 40. Qxf2
Rxf2+ 41. Kg1 Ne5 0-1

[Event "24th ch-EUR Indiv 2024"]
[Site "Petrovac MNE"]
[Date "2024.11.12"]
[Round "5.122"]
[White "Stefansson, Hannes"]
[Black "Kubicka, Anna"]
[Result "1/2-1/2"]
[WhiteTitle "GM"]
[BlackTitle "WIM"]
[WhiteElo "2485"]
[BlackElo "2235"]
[WhiteFideId "2300087"]
[BlackFideId "1152254"]
[EventDate "2024.11.08"]

1. d4 Nf6 2. c4 e6 3. Nc3 Bb4 4. Nf3 b6 5. Bg5 Bb7 6. Nd2 h6 7. Bh4 O-O 8. e4 g5
9. Bg3 Nxe4 10. Ncxe4 Bxe4 11. a3 Bxd2+ 12. Qxd2 Nc6 13. h4 Qf6 14. O-O-O g4 15.
f3 gxf3 16. gxf3 Na5 17. Qc3 Qxf3 18. Qxf3 Bxf3 19. Rg1 Kh7 20. Rd3 Be4 21. Re3
d5 22. cxd5 exd5 23. Rc3 c6 24. b4 Nc4 25. Bxc4 dxc4 26. Rxc4 Rg8 27. Kd2 b5 28.
Rcc1 a5 29. bxa5 Rxa5 30. Bd6 Raa8 31. Ke3 Bd5 32. Kf2 Rae8 33. Rxg8 Rxg8 34.
Rg1 Rxg1 35. Kxg1 Kg6 36. Kf2 Kf5 37. Bf8 h5 38. Bc5 Ke4 39. Bb6 f5 40. Bc5 f4
41. Bb6 Kd3 42. Bc5 Kc4 43. Bb6 Kd3 1/2-1/2